Consultoría de procesos

محفوظ في:
التفاصيل البيبلوغرافية
المؤلف الرئيسي: Schein, Edgard H (مؤلف)
التنسيق: كتاب
اللغة:الإسبانية
منشور في: Wilmington Addison-Wesley Iberoamericana 1990
الطبعة:2a. ed
سلاسل:Serie de desarrollo organizacional
الموضوعات:
الوسوم: إضافة وسم
لا توجد وسوم, كن أول من يضع وسما على هذه التسجيلة!

MARC

LEADER 00000nam a2200000 a 4500
001 UCW7585
003 CL-VaPUC
008 930512e19900000US |||||||||||||||||spa|d
082 0 4 |a 658.46  |b SCH  |2 21 
100 0 |a Schein, Edgard H  |e author  |9 312770 
245 1 0 |a Consultoría de procesos 
250 |a 2a. ed 
300 |a v 
942 |c BK 
945 |d 19930512 00:00:00 
260 |a Wilmington  |b Addison-Wesley Iberoamericana  |c 1990 
650 7 |a CONSULTORES  |2 CL-VaPUC  |9 270927 
650 0 |a Administración de empresas   |9 260833 
650 0 |a Cambio organizacional   |9 260741 
650 0 |a Psicología social   |9 222894 
583 |a last modification  |c 20160307 12:18:26  |k Rodrigo Vera 
490 0 |a Serie de desarrollo organizacional 
999 |c 220295  |d 220293 
952 |0 0  |1 0  |4 0  |6 658_460000000000000_SCH_1990  |7 0  |8 P  |9 212299  |a BIBEDU  |b BIBEDU  |c BIBEDU_PB  |d 2019-11-15  |h v.1  |i 2805456  |l 2  |o 658.46 SCH 1990  |p 2805456  |r 2024-01-25  |s 2023-07-06  |w 2019-11-15  |y BK  |k EDU 
952 |0 0  |1 0  |4 0  |6 658_460000000000000_SCH_1990  |7 0  |8 P  |9 212300  |a BIBEDU  |b BIBEDU  |c BIBEDU_PB  |d 2019-11-15  |h v.2  |i 2805464  |l 1  |o 658.46 SCH 1990  |p 2805464  |r 2024-01-25  |s 2020-04-03  |w 2019-11-15  |y BK  |k EDU